Kedi ve ölüm (Record no. 11824)
[ view plain ]
| 000 -BAŞLIK | |
|---|---|
| Sabit Uzunlukta Kontrol Alanı | 00697na a2200253 4500 |
| 001 - KONTROL NUMARASI | |
| Denetim Alanı | 24437 |
| 003 - KONTROL NUMARASI IDENTIFIER | |
| Denetim Alanı | MIRAKIL |
| 005 - SON İŞLEM TARİHİ VE ZAMANI | |
| Denetim Alanı | 20181226104235.0 |
| 008 - SABİT-BOY VERİ ELEMANLARI - GENEL BİLGİLER | |
| Sabit Uzunlukta Kontrol Alanı | 181017b tu 000 0 |
| 041 ## - DİL KODU | |
| Metin / Ses Parça Veya Ayrı Başlığın Dil Kodu | tur |
| 082 ## - DEWEY ONLU SINIFLANDIRMA NUMARASI | |
| Sınıflandırma Numarası | 813.317 |
| Ürün Numarası | B35k 1965 |
| 090 ## - SINIFLAMA NUMARASI | |
| Sınıflama Numarası | 813.317 B35k 1965 |
| 100 ## - ANA GİRİŞ - KİŞİSEL İSİM | |
| Kişisel Ad | Bener, Erhan |
| 245 ## - BAŞLIK TABLOSU | |
| Başlık | Kedi ve ölüm |
| Başlığın Kalan | (Ara kapı) |
| Sorumluluk Tablosu, Vb | Erhan Bener |
| 246 ## - UNVAN FORM VARYING | |
| Başlık Doğru / Kısa Başlığı | (Ara kapı) |
| 260 ## - YAYIN, DAĞITIM, VB | |
| Yayın, Dağıtım, Vb Yeri | İstanbul |
| Yayıncı, Dağıtıcı, Vs Adı | Varlık yayınları |
| Yayın, Dağıtım, Vb Tarihi | 1965 |
| 300 ## - FİZİKSEL TANIM | |
| Kapsam | 95 s. |
| Boyutlar | 16 sm. |
| 440 ## - SERİSİ TABLOSU / KATMA GİRİŞİ - BAŞLIK | |
| Başlık | Varlık yayınları |
| Hacim / Ardışık Tanımı | sayı. 1181 |
| 490 ## - SERİSİ TABLOSU | |
| Seri Beyanı | Varlık büyük cep kitapları |
| Hacim / Ardışık Tanımı | 260 |
| 650 ## - KONU KATMA GİRİŞ - TOPİKAL DÖNEM | |
| Topikal Süreli Veya Coğrafi Ad Giriş Elemanı | Türk Edebiyatı |
| Genel Alt Bölümü | Roman |
| 740 ## - KATMA GİRİŞ - KONTROLSUZ İLGİLİ / ANALİTİK BAŞLIK | |
| Kontrol Edilmeyen / İlgili Analitik Başlıktaki | (Ara kapı) |
| 942 ## - EKLENDİ GİRİŞ ELEMANLARI (KOHA) | |
| Sınıflandırma Veya Raf Düzeni Kaynak | Dewey Decimal Classification |
| Koha Öğesi Türü | Books |
| 040 ## - KATALOGLAMA KAYNAK | |
| Orijinal Kataloglama Ajansı | Milas |
| Kataloglama Dili | tur |
| Metne Dönüştürmek Ajansı | TR-AnCHP |
| 999 ## - SİSTEM KONTROL NUMARALARI (KOHA) | |
| Koha Biblionumber | 11824 |
| Koha Biblioitemnumber | 11824 |
| Kullanım Kısıtlamaları | Kalıcı Konum | Mevcut Konum | Edinme Tarihi | Toplam Check-Out'Lar | Tam Çağrı Numarası | Barkod | Tarih Son Görülme | İtibaren Geçerli Fiyatlar | Sigara Kamu Notu | Koha Öğesi Türü |
|---|---|---|---|---|---|---|---|---|---|---|
| Parti Okulu Kütüphanesi | Parti Okulu Kütüphanesi | 10/17/2018 | 813.317 B35k 1965 | P00208 | 10/17/2018 | 10/17/2018 | Books |
